00354nam a2200133Ia 4500008004100000020001800041041000800059082001400067100001400081245005600095260004400151300000800195650001700203220803s9999 xx 000 0 und d a81-87853-24-7 aeng a745.4 PRA aPrakash K aWarali Paintings : Traditional Flock Art From India aMumbaibEnglish Edition Publisherc2002 a58p aBasic Design